Producción: sistemas de administración y fabricación

Gorde:
Xehetasun bibliografikoak
Egile nagusia: Hoffmann, Thomas R (Egilea)
Formatua: Liburua
Hizkuntza:gaztelania
Argitaratua: Ciudad de México Continental 1976
Gaiak:
Etiketak: Etiketa erantsi
Etiketarik gabe, Izan zaitez lehena erregistro honi etiketa jartzen!

MARC

LEADER 00000nam a2200000 a 4500
001 UCU6730
003 CL-VaPUC
008 960621e19760000MX |||||||||||||||||spa|d
082 0 4 |a 658.503  |b HOF  |2 21 
100 |a Hoffmann, Thomas R  |e author  |9 412680 
245 1 0 |a Producción: sistemas de administración y fabricación 
300 |a 567 p 
942 |c BK 
945 |d 19960621 00:00:00  |a paguirre 
260 |a Ciudad de México  |b Continental  |c 1976 
650 0 |a Administración  |9 259325 
650 0 |a Producción   |9 263680 
650 0 |a Empresas   |9 255569 
650 0 |a Toma de decisiones   |9 257530 
650 0 |a Simulación por computador  |9 260988 
650 0 |a Computadores  |9 258188 
650 0 |a Gestión de la producción   |9 259467 
583 |a last modification  |c 19960621 00:00:00  |k Rodrigo Vera 
999 |c 249553  |d 249551 
952 |0 0  |1 0  |4 0  |6 658_503000000000000_HOF_1976  |7 0  |8 A  |9 266850  |a BIBING  |b BIBING  |d 2019-11-19  |i 1690329  |o 658.503 HOF 1976  |p 1690329  |r 2025-01-20  |w 2019-11-19  |y BK  |k EII